[Event "BAN-chT Premier"]
[Site "Dhaka"]
[Date "2022.12.08"]
[Round "9.3"]
[White "Sandipan, Chanda"]
[Black "Habibur, Rahman Sohel"]
[Result "1-0"]
[WhiteElo "2474"]
[BlackElo "1871"]
[PlyCount "57"]
[EventDate "2022.11.30"]
[EventType "team-tourn"]
[EventRounds "11"]
[EventCountry "BAN"]
[SourceTitle "CBM 211 Extra"]
[Source "ChessBase"]
[SourceDate "2023.01.31"]
[SourceVersion "1"]
[SourceVersionDate "2023.01.31"]
[SourceQuality "1"]
[WhiteTeam "Bangladesh Police"]
[BlackTeam "Sultana Kamal Smirity Pathagar"]
[WhiteTeamCountry "BAN"]
[BlackTeamCountry "BAN"]

1. d4 Nf6 2. c4 c5 3. d5 d6 4. Nc3 g6 5. e4 Bg7 6. Be2 0-0 7. Bg5 a6 8. Qd2 Re8 9. Rd1 Qc7 10. Nf3 Bg4 11. 0-0 Nbd7 12. h3 Bxf3 13. Bxf3 Qa5 14. a4 Qb4 15. Be2 Nb6 16. b3 Nfd7 17. Na2 Qxd2 18. Bxd2 e6 19. dxe6 fxe6 20. Bf4 e5 21. Be3 Bf8 22. Nc3 Kf7 23. f4 Kg7 24. f5 Nf6 25. g4 h6 26. h4 Rad8 27. g5 Ng8 28. f6+ Kf7 29. h5 1-0

[Event "BAN-chT Premier"]
[Site "Dhaka"]
[Date "2022.12.01"]
[Round "2.2"]
[White "Ghosh, Diptayan"]
[Black "Habibur, Rahman Sohel"]
[Result "1-0"]
[WhiteElo "2544"]
[BlackElo "1871"]
[PlyCount "77"]
[EventDate "2022.11.30"]
[EventType "team-tourn"]
[EventRounds "11"]
[EventCountry "BAN"]
[SourceTitle "CBM 211 Extra"]
[Source "ChessBase"]
[SourceDate "2023.01.31"]
[SourceVersion "1"]
[SourceVersionDate "2023.01.31"]
[SourceQuality "1"]
[WhiteTeam "Bangladesh Biman"]
[BlackTeam "Sultana Kamal Smirity Pathagar"]
[WhiteTeamCountry "BAN"]
[BlackTeamCountry "BAN"]

1. Nf3 Nf6 2. c4 c5 3. Nc3 g6 4. e4 Bg7 5. d4 cxd4 6. Nxd4 d6 7. Be2 a6 8. 0-0 0-0 9. Be3 Nc6 10. Qd2 Re8 11. Rac1 Bd7 12. Rfd1 Rc8 13. f3 Ne5 14. b3 Qa5 15. Bf1 Nc6 16. a4 Qh5 17. Nde2 Red8 18. Nd5 Nxd5 19. exd5 Ne5 20. Ng3 Nxf3+ 21. gxf3 Qxf3 22. Qf2 Qg4 23. Qf4 Bb2 24. Rb1 Be5 25. Qxg4 Bxg4 26. Be2 Bd7 27. a5 f5 28. Bg5 Re8 29. Bd3 Kg7 30. Ne2 h6 31. Be3 g5 32. Nd4 f4 33. Bf2 h5 34. Ne6+ Kf6 35. Be4 Rh8 36. Kh1 h4 37. h3 Rb8 38. Rg1 Rhg8 39. Nxg5 1-0

[Event "Dhaka Metropolis op U2100"]
[Site "Dhaka"]
[Date "2022.10.19"]
[Round "3"]
[White "Md Abu, Said"]
[Black "Habibur, Rahman Sohel"]
[Result "0-1"]
[WhiteElo "1568"]
[BlackElo "1890"]
[PlyCount "86"]
[EventDate "2022.10.17"]
[EventType "swiss"]
[EventRounds "9"]
[EventCountry "BAN"]
[SourceTitle "EXT 2024"]
[Source "ChessBase"]
[SourceDate "2023.10.10"]
[SourceVersion "1"]
[SourceVersionDate "2023.10.10"]
[SourceQuality "1"]

1. e4 c5 2. Nf3 g6 3. Bc4 Bg7 4. 0-0 Nc6 5. c3 Nf6 6. Re1 0-0 7. d4 cxd4 8. cxd4 d5 9. exd5 Nxd5 10. Nc3 Nb6 11. d5 Bxc3 12. bxc3 Nxc4 13. dxc6 Qxd1 14. Rxd1 bxc6 15. Nd4 Bd7 16. a4 e5 17. Nb3 Bf5 18. Nc5 f6 19. h3 h5 20. Ba3 Rfd8 21. Rxd8+ Rxd8 22. Nb7 Rd7 23. Nc5 Rd2 24. Na6 Rc2 25. Bb4 Kf7 26. a5 e4 27. Re1 e3 28. fxe3 Be4 29. Nc5 Rxg2+ 30. Kh1 Re2+ 31. Nxe4 Rxe1+ 32. Kg2 Rxe3 33. Nf2 f5 34. a6 Re2 35. Bc5 Ra2 36. Bxa7 Rxa6 37. Bd4 Ra2 38. Kf3 g5 39. Nd3 h4 40. Nb4 Rh2 41. Na6 Rxh3+ 42. Kg2 Rg3+ 43. Kh2 f4 0-1

[Event "BAN-chT2"]
[Site "Dhaka"]
[Date "2022.07.23"]
[Round "6.3"]
[White "Moniruzzaman, Monir"]
[Black "Habibur, Rahman Sohel"]
[Result "0-1"]
[WhiteElo "1789"]
[BlackElo "1883"]
[PlyCount "35"]
[EventDate "2022.07.18"]
[EventType "team-swiss"]
[EventRounds "9"]
[EventCountry "BAN"]
[SourceTitle "EXT 2023"]
[Source "ChessBase"]
[SourceDate "2022.10.05"]
[SourceVersion "1"]
[SourceVersionDate "2022.10.05"]
[SourceQuality "1"]
[WhiteTeam "Asad"]
[BlackTeam "Nurul Islam Smrity Pathagar"]
[WhiteTeamCountry "BAN"]
[BlackTeamCountry "BAN"]

1. e4 c5 2. Nf3 g6 3. c3 Bg7 4. Bc4 Nc6 5. d4 cxd4 6. cxd4 Nf6 7. Nc3 0-0 8. h3 a6 9. a3 Nxe4 10. Bxf7+ Rxf7 11. Nxe4 Qb6 12. Neg5 Rf5 13. Qe2 Bxd4 14. Nxd4 Qxd4 15. Be3 Qd5 16. Rd1 Qb5 17. Qd2 Ne5 18. a4 0-1

[Event "BAN-chT2"]
[Site "Dhaka"]
[Date "2022.07.22"]
[Round "5.2"]
[White "Md, Asadujjaman"]
[Black "Habibur, Rahman Sohel"]
[Result "0-1"]
[WhiteElo "1728"]
[BlackElo "1883"]
[PlyCount "74"]
[EventDate "2022.07.18"]
[EventType "team-swiss"]
[EventRounds "9"]
[EventCountry "BAN"]
[SourceTitle "EXT 2023"]
[Source "ChessBase"]
[SourceDate "2022.10.05"]
[SourceVersion "1"]
[SourceVersionDate "2022.10.05"]
[SourceQuality "1"]
[WhiteTeam "Bangladesh Police Prime"]
[BlackTeam "Nurul Islam Smrity Pathagar"]
[WhiteTeamCountry "BAN"]
[BlackTeamCountry "BAN"]

1. e4 c5 2. d3 Nc6 3. g3 d6 4. Bg2 g6 5. c3 Bg7 6. Nf3 Nf6 7. Nbd2 0-0 8. 0-0 Qc7 9. Re1 b5 10. d4 Rb8 11. d5 Na5 12. Rb1 Bg4 13. h3 Bxf3 14. Nxf3 Nd7 15. Bf4 Nc4 16. Bf1 Nde5 17. b3 Nxf3+ 18. Qxf3 Ne5 19. Qe3 Rfe8 20. Bxe5 Bxe5 21. f4 Bg7 22. Kh2 Qa5 23. e5 Qxa2+ 24. Bg2 Qa6 25. Ra1 Qb6 26. b4 Rbc8 27. Ra3 Kf8 28. exd6 Qxd6 29. Rxa7 Bf6 30. Rea1 cxb4 31. R1a6 Rxc3 32. Qe1 Qc5 33. d6 exd6 34. Ra8 Rd8 35. Rxd8+ Bxd8 36. Ra8 Rc1 37. Rxd8+ Kg7 0-1

[Event "BAN-chT2 Borsho 2nd"]
[Site "Bangladesh"]
[Date "2021.01.24"]
[Round "5.4"]
[White "Sadnan Hasan, Dihan"]
[Black "Habibur, Rahman Sohel"]
[Result "1-0"]
[WhiteElo "2025"]
[BlackElo "1881"]
[PlyCount "107"]
[EventDate "2021.01.20"]
[EventType "team-tourn"]
[EventRounds "9"]
[EventCountry "BAN"]
[SourceTitle "CBM 200 Extra"]
[Source "ChessBase"]
[SourceDate "2021.03.31"]
[SourceVersion "1"]
[SourceVersionDate "2021.03.31"]
[SourceQuality "1"]
[WhiteTeam "Sports Bangla"]
[BlackTeam "BD Chess In School"]
[WhiteTeamCountry "BAN"]
[BlackTeamCountry "BAN"]

1. e4 c5 2. Nc3 Nc6 3. f4 d6 4. g3 g6 5. Bg2 Bg7 6. Nf3 Nf6 7. 0-0 0-0 8. d3 a6 9. h3 Qc7 10. g4 b5 11. g5 Nh5 12. Ne2 Rb8 13. Nh4 Nd4 14. Kh2 Nxe2 15. Qxe2 f6 16. Nf5 fxg5 17. Nxg7 Kxg7 18. fxg5 Rxf1 19. Bxf1 e5 20. Be3 Be6 21. Bg2 Rf8 22. Rf1 Rxf1 23. Qxf1 Qf7 24. a3 Qxf1 25. Bxf1 Kf7 26. Be2 Ng7 27. Kg3 Ke7 28. h4 Kd7 29. c3 Kc6 30. d4 cxd4 31. cxd4 exd4 32. Bxd4 Ne8 33. Kf4 Nc7 34. Bf3 Bb3 35. Bf6 Ne6+ 36. Ke3 d5 37. h5 Kc5 38. hxg6 hxg6 39. exd5 Bxd5 40. Bd1 Nc7 41. Kf4 Bf7 42. Ke5 Ne8 43. Be2 Kc6 44. Be7 Bb3 45. Bd3 Bf7 46. Be4+ Kb6 47. Bd8+ Ka7 48. Bd5 Bxd5 49. Kxd5 Kb7 50. Ke6 Kc6 51. Kf7 Kd7 52. Bf6 Nd6+ 53. Kxg6 Ke6 54. Bc3 1-0

[Event "BAN Walton 1st League"]
[Site "Dhaka"]
[Date "2018.10.30"]
[Round "6.4"]
[White "Habibur, Rahman Sohel"]
[Black "Md Zakaria"]
[Result "1/2-1/2"]
[WhiteElo "1943"]
[BlackElo "1902"]
[PlyCount "114"]
[EventDate "2018.10.25"]
[EventType "team-tourn"]
[EventRounds "11"]
[EventCountry "BAN"]
[SourceTitle "CBM 187 Extra"]
[Source "ChessBase"]
[SourceDate "2018.11.04"]
[SourceVersion "1"]
[SourceVersionDate "2018.11.04"]
[SourceQuality "1"]
[WhiteTeam "Khelaghor Daba Sangah"]
[BlackTeam "Leonine CC"]
[WhiteTeamCountry "BAN"]
[BlackTeamCountry "BAN"]

1. e4 c6 2. Bc4 d5 3. exd5 cxd5 4. Bb3 e6 5. d3 Nc6 6. a3 Qc7 7. Ne2 Nf6 8. h3 Be7 9. 0-0 b6 10. Nbc3 Ba6 11. Ba4 0-0 12. Re1 h6 13. f4 b5 14. Bb3 Rfd8 15. Rf1 Rac8 16. Kh1 Na5 17. Bd2 Nxb3 18. cxb3 b4 19. axb4 Bxd3 20. Be3 Bxe2 21. Qxe2 Bxb4 22. Rxa7 Qb8 23. Bd4 Bc5 24. Bxf6 Qxa7 25. Qg4 Bf8 26. Bxd8 Rxd8 27. f5 e5 28. f6 g6 29. Rd1 Qb7 30. Qf3 e4 31. Qe2 Qxb3 32. Nxe4 Re8 33. Nc5 Rxe2 34. Nxb3 Rxb2 35. Nd4 g5 36. Nf5 Rb6 37. Rxd5 Rxf6 38. g4 Kh7 39. Kg2 Kg6 40. Rd8 Bc5 41. Rh8 Rxf5 42. gxf5+ Kxf5 43. Rxh6 Bd4 44. Ra6 f6 45. Kf3 Bc3 46. Rb6 Bd4 47. Rb5+ Be5 48. Ra5 Kg6 49. Ke4 Bc3 50. Rb5 Ba1 51. Kd5 f5 52. Rb6+ Kh5 53. Rb1 Bf6 54. Rf1 Kg6 55. Ke6 f4 56. h4 gxh4 57. Rxf4 Bg5 1/2-1/2

[Event "Dhaka Walton op 07"]
[Site "Dhaka"]
[Date "2018.07.09"]
[Round "6"]
[White "Habibur, Rahman Sohel"]
[Black "Mohammad, Tanvir Rahman"]
[Result "1-0"]
[WhiteElo "1993"]
[BlackElo "1753"]
[PlyCount "85"]
[EventDate "2018.07.04"]
[EventType "swiss"]
[EventRounds "9"]
[EventCountry "BAN"]
[SourceTitle "EXT 2019"]
[Source "ChessBase"]
[SourceDate "2018.10.10"]
[SourceVersion "1"]
[SourceVersionDate "2018.10.10"]
[SourceQuality "1"]

1. e4 c6 2. Bc4 d5 3. exd5 cxd5 4. Bb3 Nf6 5. d3 e6 6. Ne2 Bd6 7. 0-0 0-0 8. Bf4 Nc6 9. a3 b6 10. Nbc3 Bxf4 11. Nxf4 e5 12. Nfxd5 Nd4 13. Ba2 Bb7 14. Nxf6+ Qxf6 15. Bd5 Qe7 16. Bxb7 Qxb7 17. Ne2 Nf5 18. Qd2 f6 19. f4 Nh4 20. Ng3 Ng6 21. fxe5 Nxe5 22. Nf5 Qd7 23. Qf4 Kh8 24. Rae1 Rac8 25. d4 Ng6 26. Qd2 Rfe8 27. c3 Rxe1 28. Qxe1 Re8 29. Qg3 Kg8 30. h3 Re2 31. Rf2 Rxf2 32. Qxf2 Qe6 33. Ne3 Qe4 34. Qf3 Qxf3 35. gxf3 Nf4 36. Kh2 g6 37. c4 Kf7 38. b4 Ke6 39. c5 Nd5 40. Nxd5 Kxd5 41. Kg3 h6 42. h4 Kc6 43. h5 1-0

[Event "BAN-chT"]
[Site "Dhaka"]
[Date "2017.12.16"]
[Round "8.3"]
[White "Habibur, Rahman Sohel"]
[Black "Abu Sufian, Sakil"]
[Result "1-0"]
[WhiteElo "1993"]
[BlackElo "2312"]
[PlyCount "99"]
[EventDate "2017.12.09"]
[EventType "team-tourn"]
[EventRounds "11"]
[EventCountry "BAN"]
[SourceTitle "CBM 182 Extra"]
[Source "ChessBase"]
[SourceDate "2018.02.23"]
[SourceVersion "1"]
[SourceVersionDate "2018.02.23"]
[SourceQuality "1"]
[WhiteTeam "Leonine CC"]
[BlackTeam "Sheikh Russel"]
[WhiteTeamCountry "BAN"]
[BlackTeamCountry "BAN"]

1. e4 c5 2. Bc4 e6 3. a3 d5 4. exd5 exd5 5. Ba2 Nc6 6. d3 Nf6 7. Ne2 Be7 8. 0-0 0-0 9. Nbc3 h6 10. h3 Be6 11. Nf4 Qd7 12. Re1 Rae8 13. Bd2 Bd8 14. Rc1 a6 15. Nce2 b5 16. Ng3 Bc7 17. c3 Bf5 18. Bb1 Rxe1+ 19. Qxe1 Re8 20. Qd1 Bh7 21. Ngh5 Nxh5 22. Qxh5 Re5 23. Qd1 Rf5 24. Nh5 Qd6 25. Ng3 Rf6 26. f4 Re6 27. Qg4 Ne7 28. d4 Bxb1 29. Rxb1 c4 30. Rf1 Rg6 31. Nf5 Rxg4 32. Nxd6 Rg3 33. Nb7 Nf5 34. Nc5 a5 35. Re1 g5 36. fxg5 hxg5 37. Kf1 Nh4 38. Kf2 Kg7 39. Kf1 Kg6 40. Nd7 f5 41. Re2 Kf7 42. Be1 Rd3 43. Ne5+ Bxe5 44. Rxe5 Rd1 45. Rxd5 b4 46. Rxa5 bxc3 47. bxc3 Nxg2 48. Kxg2 Rxe1 49. Rc5 Ke6 50. Rxc4 1-0

[Event "BAN-chT"]
[Site "Dhaka"]
[Date "2017.12.13"]
[Round "5.3"]
[White "Habibur, Rahman Sohel"]
[Black "Hossain, Enamul"]
[Result "0-1"]
[WhiteElo "1993"]
[BlackElo "2449"]
[PlyCount "70"]
[EventDate "2017.12.09"]
[EventType "team-tourn"]
[EventRounds "11"]
[EventCountry "BAN"]
[SourceTitle "CBM 182 Extra"]
[Source "ChessBase"]
[SourceDate "2018.02.23"]
[SourceVersion "1"]
[SourceVersionDate "2018.02.23"]
[SourceQuality "1"]
[WhiteTeam "Leonine CC"]
[BlackTeam "SAIF Sporting Club"]
[WhiteTeamCountry "BAN"]
[BlackTeamCountry "BAN"]

1. e4 c5 2. Bc4 e6 3. a3 d5 4. exd5 exd5 5. Ba2 Nc6 6. Ne2 Nf6 7. d3 h6 8. 0-0 Be7 9. Nbc3 0-0 10. h3 Re8 11. Nf4 d4 12. Ne4 Bf8 13. Re1 Bf5 14. Qf3 c4 15. Bd2 Bxe4 16. dxe4 Ne5 17. Qd1 Rc8 18. Nh5 Ng6 19. Qf3 Nxh5 20. Qxh5 Bd6 21. Kh1 Rc5 22. Qg4 Qc7 23. b4 Rce5 24. Bf4 Nxf4 25. Qxf4 b5 26. Rad1 R5e6 27. Qf5 Be5 28. Qh5 a6 29. a4 Qb7 30. axb5 axb5 31. Qg4 Bf6 32. f3 Qe7 33. Re2 Qxb4 34. Qf5 Qa4 35. Bb1 d3 0-1

[Event "BAN-chB 43rd"]
[Site "Dhaka"]
[Date "2017.11.16"]
[Round "10"]
[White "Abdul, Momin"]
[Black "Habibur, Rahman Sohel"]
[Result "1-0"]
[WhiteElo "2029"]
[BlackElo "1940"]
[PlyCount "41"]
[EventDate "2017.11.07"]
[EventType "swiss"]
[EventRounds "11"]
[EventCountry "BAN"]
[SourceTitle "CBM 181 Extra"]
[Source "ChessBase"]
[SourceDate "2017.12.12"]
[SourceVersion "1"]
[SourceVersionDate "2017.12.12"]
[SourceQuality "1"]

1. e4 c5 2. Nf3 Nc6 3. d4 cxd4 4. Nxd4 d6 5. c4 g6 6. Nc3 Bg7 7. Be3 Nf6 8. Be2 0-0 9. Qd2 Re8 10. Nxc6 bxc6 11. Bh6 Bh8 12. h4 Qa5 13. Rc1 Be6 14. b3 d5 15. cxd5 cxd5 16. h5 d4 17. Nb5 Qb6 18. hxg6 fxg6 19. Qxd4 Qxd4 20. Nxd4 Bd7 21. Bf3 1-0

[Event "BAN-chB 43rd"]
[Site "Dhaka"]
[Date "2017.11.15"]
[Round "9"]
[White "Habibur, Rahman Sohel"]
[Black "Shawket Bin, Osman Shaon"]
[Result "1-0"]
[WhiteElo "1940"]
[BlackElo "2081"]
[PlyCount "88"]
[EventDate "2017.11.07"]
[EventType "swiss"]
[EventRounds "11"]
[EventCountry "BAN"]
[SourceTitle "CBM 181 Extra"]
[Source "ChessBase"]
[SourceDate "2017.12.12"]
[SourceVersion "1"]
[SourceVersionDate "2017.12.12"]
[SourceQuality "1"]

1. e4 d5 2. exd5 Qxd5 3. Nc3 Qa5 4. Bc4 Nf6 5. h3 c6 6. a3 Bf5 7. d3 e6 8. Nge2 Bd6 9. 0-0 Nbd7 10. Ba2 0-0 11. Bd2 Qc7 12. Bg5 Rfe8 13. Qd2 a6 14. Bh4 b5 15. Bg3 Nb6 16. Rfe1 Nbd5 17. Bxd6 Qxd6 18. Ng3 Nxc3 19. Qxc3 Bg6 20. Rad1 Bh5 21. Nxh5 Nxh5 22. Re5 Nf4 23. Rde1 Rac8 24. R1e4 Nd5 25. Qe1 Nf6 26. Re3 Nd7 27. R5e4 Nc5 28. Re5 Na4 29. Kf1 Rcd8 30. f4 g6 31. f5 gxf5 32. Qh4 Kf8 33. Qf6 Qd4 34. Qh6+ Ke7 35. Rxe6+ Kd7 36. Rxe8 Rxe8 37. Rxe8 Kxe8 38. Qxc6+ Kf8 39. Qc8+ Kg7 40. Qxf5 Qxb2 41. Qxf7+ Kh6 42. Qf8+ Kg5 43. h4+ Kg4 44. Be6+ Kg3 1-0

[Event "BAN-chB 43rd"]
[Site "Dhaka"]
[Date "2017.11.13"]
[Round "7"]
[White "Habibur, Rahman Sohel"]
[Black "Mohammad, Minhaz Uddin"]
[Result "0-1"]
[WhiteElo "1940"]
[BlackElo "2398"]
[PlyCount "118"]
[EventDate "2017.11.07"]
[EventType "swiss"]
[EventRounds "11"]
[EventCountry "BAN"]
[SourceTitle "CBM 181 Extra"]
[Source "ChessBase"]
[SourceDate "2017.12.12"]
[SourceVersion "1"]
[SourceVersionDate "2017.12.12"]
[SourceQuality "1"]

1. e4 e5 2. Bc4 Nf6 3. d3 c6 4. a3 d5 5. exd5 cxd5 6. Ba2 h6 7. h3 Nc6 8. Ne2 Bd6 9. 0-0 0-0 10. Nbc3 d4 11. Ne4 Nxe4 12. dxe4 Kh8 13. Ng3 Qh4 14. Nf5 Bxf5 15. exf5 Ne7 16. Qf3 e4 17. Qg4 Qf6 18. Qxe4 Nxf5 19. Bd2 Rac8 20. Bb3 Rc7 21. Rfe1 Nh4 22. c3 Bc5 23. Qf4 Rc6 24. Re4 Qxf4 25. Rxf4 Ng6 26. Rxf7 Rb6 27. Rxf8+ Bxf8 28. Bc2 Rxb2 29. Bxg6 Rxd2 30. cxd4 Rxd4 31. a4 Rd6 32. Be4 b6 33. Ra2 Re6 34. Re2 g6 35. g3 Kg7 36. Bd3 Rd6 37. Bb5 Rd4 38. Ra2 g5 39. Kg2 h5 40. Ba6 Bc5 41. Bb5 Kf6 42. Be8 h4 43. g4 Rb4 44. Bb5 Bd4 45. Ba6 Bb2 46. Kf3 Ke5 47. a5 b5 48. Bc8 Kd4 49. Ke2 Kc3 50. Bf5 Kb3 51. Be6+ Rc4 52. Kd3 Kxa2 53. Bxc4+ bxc4+ 54. Kxc4 Ka3 55. a6 Ka4 56. Kd5 Kb5 57. f4 gxf4 58. Ke4 Kxa6 59. Kxf4 Kb5 0-1

[Event "Dhaka Powertec op-B"]
[Site "Dhaka"]
[Date "2017.07.18"]
[Round "4"]
[White "Golam Rasul, Bhuiyan"]
[Black "Habibur, Rahman Sohel"]
[Result "0-1"]
[WhiteElo "1827"]
[BlackElo "1933"]
[PlyCount "108"]
[EventDate "2017.07.15"]
[EventType "swiss"]
[EventRounds "9"]
[EventCountry "BAN"]
[SourceTitle "EXT 2018"]
[Source "ChessBase"]
[SourceDate "2017.10.13"]
[SourceVersion "1"]
[SourceVersionDate "2017.10.13"]
[SourceQuality "1"]

1. e4 c5 2. Nf3 d6 3. Nc3 Nc6 4. d4 cxd4 5. Nxd4 g6 6. Be2 Bg7 7. Be3 Nf6 8. Qd2 a6 9. h3 Nxd4 10. Bxd4 0-0 11. a4 b6 12. 0-0 Bb7 13. Qe3 Nd7 14. Bxg7 Kxg7 15. Bg4 Ne5 16. f4 Nxg4 17. hxg4 Qc7 18. Rf2 Rac8 19. f5 Qc5 20. Qh3 h6 21. Re1 Qe5 22. Re3 Rc4 23. Rfe2 b5 24. b3 Rd4 25. Qf3 Rc8 26. axb5 axb5 27. Rf2 g5 28. Qe2 Rxc3 29. Rxc3 Rxe4 30. Qd2 Re1+ 31. Rf1 Re2 32. Qxe2 Qxe2 33. Rg3 Qxc2 34. Kh2 Bd5 35. Re1 Kf6 36. Ree3 e5 37. Rd3 Qc6 38. Rc3 Qb6 39. Rgd3 Be4 40. Rd2 b4 41. Rc4 d5 42. Rc8 Qe3 43. Rc6+ Kg7 44. Ra2 Qf4+ 45. Kg1 Qxg4 46. f6+ Kg6 47. Rf2 Qd1+ 48. Kh2 Qxb3 49. Rc8 g4 50. Rg8+ Kh5 51. g3 Bf3 52. Kg1 Qe3 53. Rg7 Qe1+ 54. Rf1 Qxg3# 0-1

[Event "Dhaka Powertec op-B"]
[Site "Dhaka"]
[Date "2017.07.16"]
[Round "2"]
[White "Babul, Mollick"]
[Black "Habibur, Rahman Sohel"]
[Result "0-1"]
[WhiteElo "1805"]
[BlackElo "1933"]
[PlyCount "68"]
[EventDate "2017.07.15"]
[EventType "swiss"]
[EventRounds "9"]
[EventCountry "BAN"]
[SourceTitle "EXT 2018"]
[Source "ChessBase"]
[SourceDate "2017.10.13"]
[SourceVersion "1"]
[SourceVersionDate "2017.10.13"]
[SourceQuality "1"]

1. e4 c5 2. Nf3 d6 3. d4 cxd4 4. Nxd4 Nc6 5. Nxc6 bxc6 6. Be2 Nf6 7. Nd2 g6 8. 0-0 Bg7 9. Bf3 Qc7 10. c4 0-0 11. Rb1 a5 12. b3 Nd7 13. Bb2 Bb7 14. Re1 Nc5 15. Nf1 Bxb2 16. Rxb2 a4 17. b4 a3 18. Rb1 Na4 19. Rb3 Nb2 20. Qc1 Ra4 21. Qc3 Rfa8 22. Nd2 Bc8 23. Nb1 c5 24. Rxb2 axb2 25. Qxb2 Rxb4 26. Qc2 Rab8 27. Nc3 Be6 28. Be2 Rb2 29. Qc1 Qa5 30. h3 Qb4 31. Qe3 Rxa2 32. Rc1 Ra3 33. Kh2 Qb2 34. Rb1 Qxb1 0-1